000 00361nam a22001457a 4500
005 20250616115421.0
008 250616b |||||||| |||| 00| 0 eng d
020 _a9780853647096
050 _aBS480
_bMAR
100 _aMARSHALL HOWARD I.
245 _aBIBLICAL INSPIRATION
260 _aLONDON
_bPATERNOSTER PRESS
_cc1982
300 _a125p
942 _2lcc
_cBK
_n0
999 _c6514
_d6514